| 000 | 00844nam a2200253 a 4500 | ||
|---|---|---|---|
| 001 | 24763 | ||
| 003 | CO-ViMGA | ||
| 005 | 20230915232017.0 | ||
| 008 | 141112s2004 ck r 000 u spa d | ||
| 015 | _ack - 1999 - xxxx | ||
| 035 | _aAHJ7905 LA | ||
| 040 |
_aCO-ViMGA _bspa _cCO-ViMGA |
||
| 041 | _aspa | ||
| 082 | 0 | 4 | _a371.911 C13p |
| 100 | 1 |
_aCadavid Alvarez, Héctor. _936984 |
|
| 245 | 1 | 0 |
_aPuntos luminosos / _cHector Cadavid Alvarez. |
| 260 |
_aSantafé de Bogotá : _bInstituto Nacional para Ciegos, _c1999. |
||
| 300 | _aix, 31, [66] p. ; 28 cm. | ||
| 500 | _aEn imprenta/braille. | ||
| 650 | 1 | 4 |
_aEscritura para ciegos - Manuales. _936985 |
| 942 |
_2ddc _cBK |
||
| 949 | _ac n | ||
| 999 |
_c32565 _d32565 |
||